000 00551nam a2200145Ia 4500
008 231129s2012||||xx |||||||||||||| ||spa||
020 _a978-9942-09-066-9
040 _bspa
082 _a305.8009861 N322c
100 _aNavarro Valencia Martha Cecilia
245 0 _aCuerpos Afrocolombianos: Prácticas y representaciones sociales en torno a la maternidad las uniones y la salud sexual y reproductiva en la costa Pací­fica colombiana
260 _c2012
264 _aQuito Ecuador : Abya-Yala
942 _2ddc
_cBKS
999 _c8556
_d8556